Applications of graph theory /
Guardado en:
| Otros Autores: | , |
|---|---|
| Formato: | Libro |
| Idioma: | English |
| Publicado: |
London :
Academic Press,
1979.
|
| Materias: | |
| Etiquetas: |
Agregar Etiqueta
Sin Etiquetas, Sea el primero en etiquetar este registro!
|
| LEADER | 01491cam a2200217 a 4500 | ||
|---|---|---|---|
| 001 | MAT.inmabb004309 | ||
| 008 | 810507s1979####enka#####b####001#0#eng## | ||
| 005 | 20150702152916.0 | ||
| 245 | 0 | 0 | |a Applications of graph theory / |c edited by Robin J. Wilson and Lowell W. Beineke. |
| 260 | |a London : |b Academic Press, |c 1979. | ||
| 300 | |a xii, 423 p. : |b il. ; |c 24 cm. | ||
| 504 | |a Incluye referencias bibliográficas e índice. | ||
| 505 | 0 | 0 | |t Graph theory and communications networks / |r K.W. Cattermole -- |t Flowgraphs / |r Frank Nielsen -- |t Graph theory and electrical networks / |r P.R. Bryant -- |t Graph theory and continuum statistical mechanics / |r H.N.V. Temperley -- |t Latice models in discrete statistical mechanics / |r H.N.V. Temperley -- |t Chemical applications of graph theory / |r Dennis H. Rouvray and Allexandru T. Balaban -- |t Graph theory and operations research / |r G. Avondo-Bodino -- |t Graph theory and the social sciences / |r Fred S. Roberts -- |t Graph theory and geography / |r Andrew D. Cliff, Peter Haggett, and J.K. Ord -- |t Achitectural applications of graph theory / |r C.F. Earl and L.J. March -- |t Graph theory and linguistics / |r Ladislav Nebeský -- |t Algorithms in graph theory / |r Ronald C. Read. |
| 510 | 4 | |a MR, |c 81h:05050 | |
| 700 | 1 | |a Wilson, Robin J. |4 edt | |
| 700 | 1 | |a Beineke, Lowell W. |4 edt | |
| 650 | 0 | |a Graph theory |x Addresses, essays, lectures. | |
| 084 | |a 05Cxx (00A69 05-02) |2 msc2000 | ||
| 010 | |a 78073892 | ||
| 040 | |a DLC |c DLC |d DLC | ||
| 859 | |h 05 |i Ap6525 |p A-5810 |b BIB. MATEMATICA | ||
